书目信息 |
| 题名: |
战略性新兴产业国内外标准法规解析
|
|
| 作者: | 黄文秀 主编 | |
| 分册: | ||
| 出版信息: | 北京 国家质检出版 2014.12 |
|
| 页数: | 252页 | |
| 开本: | 27cm | |
| 丛书名: | ||
| 单 册: | ||
| 中图分类: | TB497 | |
| 科图分类: | ||
| 主题词: | 新兴产业--xin xing chan ye--工业产品--产品管理--法规--研究--世界 , 新兴产业--xin xing chan ye--工业产品--国际标准--研究 | |
| 电子资源: | ||
| ISBN: | 978-7-5066-7727-1 | |
| 000 | 01086nam0 2200265 450 | |
| 001 | 1561651732 | |
| 005 | 20150823170751.67 | |
| 010 | @a978-7-5066-7727-1@dCNY65.00 | |
| 100 | @a20150420d2014 em y0chiy50 ea | |
| 101 | 0 | @achi |
| 102 | @aCN@b110000 | |
| 105 | @aak a 000yy | |
| 106 | @ar | |
| 200 | 1 | @a战略性新兴产业国内外标准法规解析@Azhan lve xing xin xing chan ye guo nei wai biao zhun fa gui jie xi@f主编黄文秀 |
| 210 | @a北京@c国家质检出版@c中国标准出版社@d2014.12 | |
| 215 | @a252页@c图@d27cm | |
| 320 | @a有书目 (第252页) | |
| 330 | @a本书内容包括各国 (地区) 对电动汽车、LED照明、光伏组件、风电这四类战略性新兴产业产品的战略规划及发展现状、市场准入法规要求和技术标准要求 (涉及安全、能效、EMC、环保等) 、符合性评价方法、认证等, 并对产品的重点标准进行了解读和分析。 | |
| 586 | @a | |
| 606 | 0 | @a新兴产业@Axin xing chan ye@x工业产品@x产品管理@x法规@x研究@y世界 |
| 606 | 0 | @a新兴产业@Axin xing chan ye@x工业产品@x国际标准@x研究 |
| 690 | @aTB497@v5 | |
| 701 | 0 | @a黄文秀@Ahuang wen xiu@4主编 |
| 801 | 0 | @aCN@c20150820 |
| 905 | @a河南城建学院图书馆@dTB497@eH890@f3 | |
| 战略性新兴产业国内外标准法规解析/主编黄文秀.-北京:国家质检出版:中国标准出版社,2014.12 |
| 252页:图;27cm |
| ISBN 978-7-5066-7727-1:CNY65.00 |
| 本书内容包括各国 (地区) 对电动汽车、LED照明、光伏组件、风电这四类战略性新兴产业产品的战略规划及发展现状、市场准入法规要求和技术标准要求 (涉及安全、能效、EMC、环保等) 、符合性评价方法、认证等, 并对产品的重点标准进行了解读和分析。 |
| ● |
| 相关链接 |
|
|
|
正题名:战略性新兴产业国内外标准法规解析
索取号:TB497/H890
 
预约/预借
| 序号 | 登录号 | 条形码 | 馆藏地/架位号 | 状态 | 备注 |
| 1 | 1169764 | 211697644 | 自科库501/501自科库 18排1列2层/ [索取号:TB497/H890] | 在馆 | |
| 2 | 1169765 | 211697653 | 自科库501/501自科库 18排1列2层/ [索取号:TB497/H890] | 在馆 | |
| 3 | 1169766 | 211697662 | 自科库501/501自科库 18排1列2层/ [索取号:TB497/H890] | 在馆 |